000 00803nam a2200181Ia 4500
008 100921s9999 xx 000 0 und d
082 _b10172
_a920.02 थ 74
100 _aभावे पुरूषोत्तम भास्कर.
245 _aमुद्रा-व्यिक्तचित्रे.
260 _bविश्वमोहिनी प्रकाशन,पुणे.
_c1974
300 _a125
_b---
365 _b9
520 _aचरित्र- संग्रह,व्यिक्तचित्रे.
630 _aमुद्रा-व्यिक्तचित्रे.
650 _aचरित्र- संग्रह,व्यिक्तचित्रे.
730 _aमुद्रा-व्यिक्तचित्रे.
942 _cBOOK
999 _c759285
_d759282